Further evaluation of scaling methods for rotorcraft icing /

Bibliographic Details
Main Author: Tsao, Jen-Ching
Corporate Authors: International Conference on Aircraft and Engine Icing and Ground Deicing, NASA Glenn Research Center
Other Authors: Kreeger, Richard E.
Format: Government Document Conference Proceeding eBook
Language:English
Published: Cleveland, Ohio : National Aeronautics and Space Administration, Glenn Research Center, [2012]
Series:NASA technical memorandum ; 2012-217418.
Subjects:
Online Access:https://purl.fdlp.gov/GPO/gpo30594

MARC

Tag First Indicator Second Indicator Subfields
LEADER 00000cam a2200000Ia 4500
001 in00002782701
005 20211120170436.0
006 m d f
007 cr mn|||||||||
008 121031s2012 ohua obt f000 0 eng d
035 |a (OCoLC)ocn815517873 
040 |a GPO  |c GPO  |d MvI  |d UtOrBLW 
049 |a WWW 
074 |a 0830-D (online) 
086 0 |a NAS 1.15:2012-217418 
100 1 |a Tsao, Jen-Ching. 
245 1 0 |a Further evaluation of scaling methods for rotorcraft icing /  |c Jen-Ching Tsao, Richard E. Kreeger. 
264 1 |a Cleveland, Ohio :  |b National Aeronautics and Space Administration, Glenn Research Center,  |c [2012] 
300 |a 1 online resource (17 pages) :  |b illustrations (some color). 
336 |a text  |b txt  |2 rdacontent 
337 |a computer  |b c  |2 rdamedia 
338 |a online resource  |b cr  |2 rdacarrier 
490 1 |a NASA/TM ;  |v 2012-217418 
500 |a Title from title screen (viewed on Oct. 29, 2012). 
500 |a "May 2012." 
500 |a "Prepared for the International Conference on Aircraft and Engine Icing and Ground Deicing sponsored by the SAE International, Chicago, Illinois, June 13-17, 2011." 
504 |a Includes bibliographical references (page 17). 
500 |a "11ICE-0033." 
536 |a Sponsored by National Aeronautics and Space Administration  |h WBS 877868.02.07.03.03.01 
536 |d E-18089 
500 |a Electronic resource. 
650 7 |a Rotary wing aircraft.  |2 nasat 
650 7 |a Ice formation.  |2 nasat 
650 7 |a Scale models.  |2 nasat 
650 7 |a Swept wings.  |2 nasat 
650 7 |a Angle of attack.  |2 nasat 
650 7 |a Airfoils.  |2 nasat 
650 7 |a Aerodynamics.  |2 nasat 
650 7 |a Pitching moments.  |2 nasat 
700 1 |a Kreeger, Richard E. 
711 2 |a International Conference on Aircraft and Engine Icing and Ground Deicing  |d (2011 :  |c Chicago, Ill.) 
710 2 |a NASA Glenn Research Center. 
830 0 |a NASA technical memorandum ;  |v 2012-217418. 
856 4 0 |u https://purl.fdlp.gov/GPO/gpo30594  |t 0 
999 |a MARS 
999 f f |s b674e01a-e380-377c-ac57-61b4b29b7eb4  |i 0dc462f2-dd21-3a46-91f3-e04036aec382  |t 0 
952 f f |a Texas A&M University  |b College Station  |c Electronic Resources  |d Available Online  |t 0  |e NAS 1.15:2012-217418  |h Superintendent of Documents classification 
998 f f |a NAS 1.15:2012-217418  |t 0  |l Available Online